[Event "Gibraltar U16 op"]
[Site "Caleta"]
[Date "2017.08.21"]
[Round "6"]
[White "Kadambadi, Nikhil"]
[Black "Yesudian, Rohan"]
[Result "1/2-1/2"]
[WhiteElo "1655"]
[BlackElo "1533"]
[PlyCount "82"]
[EventDate "2017.08.18"]
[EventType "swiss"]
[EventRounds "6"]
[EventCountry "GGB"]
[SourceTitle "CBM 180 Extra"]
[Source "ChessBase"]
[SourceDate "2017.10.06"]
[SourceVersion "1"]
[SourceVersionDate "2017.10.06"]
[SourceQuality "1"]

1. e4 d6 2. d4 Nf6 3. Nc3 g6 4. f4 Bg7 5. Nf3 0-0 6. Bc4 Nxe4 7. Nxe4 d5 8. Bxd5 Qxd5 9. Nc3 Qh5 10. 0-0 Bg4 11. Ne2 Nc6 12. c3 Rad8 13. h3 Bxf3 14. Rxf3 e5 15. Be3 exd4 16. Bxd4 Nxd4 17. cxd4 Qd5 18. Rd3 c5 19. Qa4 Qe4 20. Qd1 cxd4 21. Qd2 Rfe8 22. Kf1 Rd6 23. Rd1 Red8 24. Kg1 Qe6 25. a3 Qf6 26. Ng3 Qe6 27. Ne2 Qd7 28. Qb4 b6 29. b3 a5 30. Qd2 Qb5 31. a4 Qd5 32. Kh1 Qb7 33. Kg1 Qd7 34. Kf1 Re8 35. Kg1 Qe6 36. Kf1 Rc8 37. Qb2 Qe4 38. Qd2 Qe6 39. Qb2 Qf5 40. Qd2 g5 41. Nxd4 Bxd4 1/2-1/2

[Event "Gibraltar U16 op"]
[Site "Caleta"]
[Date "2017.08.19"]
[Round "3"]
[White "Yesudian, Rohan"]
[Black "Onslow, Teddy"]
[Result "1-0"]
[WhiteElo "1533"]
[BlackElo "1713"]
[PlyCount "101"]
[EventDate "2017.08.18"]
[EventType "swiss"]
[EventRounds "6"]
[EventCountry "GGB"]
[SourceTitle "CBM 180 Extra"]
[Source "ChessBase"]
[SourceDate "2017.10.06"]
[SourceVersion "1"]
[SourceVersionDate "2017.10.06"]
[SourceQuality "1"]

1. d4 e6 2. c4 d5 3. Nf3 Nf6 4. e3 Nbd7 5. b3 c6 6. Bb2 Bd6 7. Bd3 0-0 8. 0-0 Qc7 9. Nc3 b6 10. Rc1 Bb7 11. cxd5 exd5 12. Nb5 Qb8 13. Nxd6 Qxd6 14. Ne5 Rac8 15. Qf3 Rfe8 16. Qh3 h6 17. Bf5 Rc7 18. f4 Nf8 19. Rf3 Ne4 20. Bxe4 dxe4 21. Rg3 Ng6 22. Ng4 Qd5 23. f5 h5 24. Qxh5 Bc8 25. Rf1 Kf8 26. Rh3 Ke7 27. Ba3+ Kd8 28. fxg6 Qxh5 29. Rxh5 Bxg4 30. Rg5 f5 31. h3 Be2 32. Rfxf5 Re6 33. Rf7 Rd7 34. h4 a5 35. Bf8 Kc7 36. Bxg7 Ree7 37. Be5+ Kc8 38. Rxe7 Rxe7 39. g7 Re8 40. g8Q Rxg8 41. Rxg8+ Kb7 42. g4 Bd3 43. h5 b5 44. h6 a4 45. bxa4 Bc4 46. Rg7+ Kb6 47. h7 bxa4 48. h8Q Ka5 49. Rb7 c5 50. Qa8+ Ba6 51. Bc7# 1-0

[Event "BCF-ch U13"]
[Site "Aberystwyth"]
[Date "2014.07.25"]
[Round "6"]
[White "Ashworth, Robert M"]
[Black "Yesudian, Rohan"]
[Result "1/2-1/2"]
[WhiteElo "139"]
[BlackElo "122"]
[PlyCount "75"]
[EventDate "2014.07.22"]
[EventType "swiss"]
[EventRounds "7"]
[EventCountry "WLS"]
[SourceTitle "CBM 161 Extra"]
[Source "ChessBase"]
[SourceDate "2014.08.29"]
[SourceVersion "1"]
[SourceVersionDate "2014.08.29"]
[SourceQuality "1"]

1. e4 c6 2. d4 d5 3. Nc3 dxe4 4. Nxe4 Bf5 5. Ng3 Bg6 6. Nf3 Nd7 7. Bd3 Bxd3 8. Qxd3 Ngf6 9. 0-0 e6 10. c4 Bd6 11. Ne4 Nxe4 12. Qxe4 Nf6 13. Qd3 0-0 14. Bg5 Rc8 15. Rad1 Be7 16. Rfe1 Qb6 17. Ne5 Rfd8 18. Qe2 c5 19. dxc5 Qxc5 20. b3 a5 21. Bxf6 Bxf6 22. Nd7 Qc6 23. Ne5 Bxe5 24. Qxe5 a4 25. Qg5 f6 26. Qe3 e5 27. h3 axb3 28. axb3 b5 29. Rc1 Qc5 30. cxb5 Qxe3 31. fxe3 Rb8 32. Red1 Rxd1+ 33. Rxd1 Rxb5 34. Rd3 Kf7 35. Kf2 Ke6 36. Ke2 f5 37. g3 g5 38. Rc3 1/2-1/2

[Event "BCF-ch U13"]
[Site "Aberystwyth"]
[Date "2014.07.23"]
[Round "2"]
[White "Kalavannan, Koby"]
[Black "Yesudian, Rohan"]
[Result "1-0"]
[WhiteElo "182"]
[BlackElo "122"]
[PlyCount "55"]
[EventDate "2014.07.22"]
[EventType "swiss"]
[EventRounds "7"]
[EventCountry "WLS"]
[SourceTitle "CBM 161 Extra"]
[Source "ChessBase"]
[SourceDate "2014.08.29"]
[SourceVersion "1"]
[SourceVersionDate "2014.08.29"]
[SourceQuality "1"]

1. d4 Nf6 2. Nf3 g6 3. c4 Bg7 4. g3 0-0 5. Bg2 d6 6. 0-0 c5 7. Nc3 Nc6 8. d5 Na5 9. Nd2 a6 10. Qc2 Rb8 11. b3 b5 12. Bb2 bxc4 13. bxc4 Bh6 14. Ncb1 Bd7 15. Bc3 Bg7 16. Na3 Qc7 17. Rab1 Nb7 18. Rb2 e6 19. Rfb1 exd5 20. cxd5 Rfe8 21. e4 Nh5 22. Rb6 Bxc3 23. Qxc3 f5 24. Qb2 Bc8 25. Ndc4 Re7 26. e5 Rxe5 27. Nxe5 dxe5 28. d6 1-0